Grandes áreas de la economía mundial /

Explicación sistemática sobre el funcionamiento de las principales áreas de la economía mundial a inicios del siglo XXI. Después de establecer cuáles son los cambios fundamentales más recientes y los significados de la globalización, los autores detallan las características de las principales region...

Повний опис

Збережено в:
Бібліографічні деталі
Автор: Palazuelos, Enrique (coord.)
Інші автори: Vara, María Jesús (coordinación) (coordinación)
Формат: Книга
Мова:Іспанська
Опубліковано: Barcelona, España : Ariel, 2002, c2002
Серія:(Ariel Economía)
Предмети:
Теги: Додати тег
Немає тегів, Будьте першим, хто поставить тег для цього запису!

MARC

LEADER 00000nam^a2200000^a^4500
001 000136896
005 20250521000000.0
009 20260310095333.433
020 |a 84-344-2187-9 
037 |a Acervo ITESO - Biblioteca 
041 |a ESP 
082 |a 320. 9  |b PAL 
100 |a Palazuelos, Enrique  |e (coord.) 
245 1 0 |a Grandes áreas de la economía mundial /  |c Coord. e introd. de E. Palazuelos, M.J. Vara. 
264 4 |a Barcelona, España :  |b Ariel,  |c 2002, c2002 
300 |a 345 p. 
336 |a texto  |b txt  |2 rdacontenido 
337 |a sin mediación  |b n  |2 rdamedio 
338 |a volumen  |b nc  |2 rdasoporte 
440 1 |a (Ariel Economía) 
520 |a Explicación sistemática sobre el funcionamiento de las principales áreas de la economía mundial a inicios del siglo XXI. Después de establecer cuáles son los cambios fundamentales más recientes y los significados de la globalización, los autores detallan las características de las principales regiones y polos económicas: Estados Unidos, Japón y la Unión Europea; los cinturones periféricos de Europa del Este, el Mediterráneo Sur, Asia Oriental y Latinoamérica y por último, dos gigantes en transición, como la ascendente China y la Rusia en declive. 
649 |a XX 
650 |a Polos de Crecimiento Económico 
650 |a Desarrollo Regional 
650 |a Desarrollo Económico-Social 
650 |a Globalización 
650 |a Geografía Económica 
650 |a Economía Internacional 
700 |a Vara, María Jesús  |e (coordinación) 
910 |a Fondo General 
920 |a Impresos - Libros 
930 |a Colección General 
905 |a 101 
901 |a 0500065697  |b IT1  |c ACC  |u 20250521 
902 |a https://opac.biblio.iteso.mx/vufind/Record/000136896